Numerical Analysis : proceedings of the 10th Biennial Conference held at Dundee, Scotland, June 28 - July 1, 1983

Αποθηκεύτηκε σε:
Λεπτομέρειες βιβλιογραφικής εγγραφής
Άλλοι συγγραφείς: Griffiths, D. F. (David Francis) (Επιμελητής έκδοσης)
Μορφή: Βιβλίο
Γλώσσα:English
Δημοσίευση: Berlin ; New York : Springer-Verlag, 1984.
Σειρά:Lecture notes in mathematics (Springer-Verlag) ; 1066
Θέματα:
Ετικέτες: Προσθήκη ετικέτας
Δεν υπάρχουν, Καταχωρήστε ετικέτα πρώτοι!

MARC

LEADER 00000cam a2200000 i 4500
001 1/61574
008 941103s1984 gw ||| | eng||
020 |a 3540133445 
035 |a 1993  |l 10046459 
040 |a GR-MyUA  |b gre  |e AACR2 
041 0 |a eng 
082 0 |a 519.4 
245 1 0 |a Numerical Analysis :   |b proceedings of the 10th Biennial Conference held at Dundee, Scotland, June 28 - July 1, 1983 /   |c edited by David F. Griffiths.  
260 |a Berlin ;   |a New York :   |b Springer-Verlag,   |c 1984.  
300 |a ix, 275 σ. :   |b εικ. ;   |c 25 εκ.  
490 1 |a (Lecture notes in mathematics (Springer-Verlag)   |v ; 1066) 
500 |a Περιέχει βιβλιογραφικές παραπομπές.  
650 0 0 |a Numerical analysis  |x Congresses. 
700 1 |a Griffiths, D. F.   |q (David Francis)  |e edt 
830 0 |a Lecture notes in mathematics (Springer-Verlag)  |v  ; 1066 
852 |a INST  |b SAMOS  |e 19941103  |h 519.4 NUM  |p 005300007025  |q 005300007025  |t BK  |y 0 
909 |a Σ  |b 028929